000 00404cam a22001457a 4500
008 180718b1984 xxu||||| |||| 00| 0 eng d
082 _aK232x54 G959
100 _aGupta, C.B.
245 _aManagerial and executive remuneration in India
_cby C.B. Gupta
260 _aNew Delhi
_bAllied
_c1984
300 _a336p.
500 _aBibl.p.318-29
650 _aExecutives - India
650 _aSalaries - India
999 _c345226
_d345226